Thực hiện kế hoạch đào tạo ngành học tâm lí - giáo dục học

Spremljeno u:
Bibliografski detalji
Glavni autor: Nguyễn, Thiện Mỹ Tâm
Daljnji autori: Lê, Khắc Thìn
Format: Knjiga
Jezik:Undetermined
Izdano: H. ĐHSP 2007
Teme:
Online pristup:http://lrc.tdmu.edu.vn/opac/search/detail.asp?aID=2&ID=5839
Oznake: Dodaj oznaku
Bez oznaka, Budi prvi tko označuje ovaj zapis!
Thư viện lưu trữ: Trung tâm Học liệu Trường Đại học Thủ Dầu Một
LEADER 00716nam a2200205Ia 4500
001 TDMU_5839
008 210410s9999 xx 000 0 und d
082 |a 370.15 
090 |b NG525 
100 |a Nguyễn, Thiện Mỹ Tâm 
245 0 |a Thực hiện kế hoạch đào tạo ngành học tâm lí - giáo dục học 
245 0 |c Nguyễn Thiện Mỹ Tâm 
260 |a H. 
260 |b ĐHSP 
260 |c 2007 
300 |a 258tr. 
650 |a Tâm lí học giáo dục  |x Kế hoạch đào tạo 
700 |a Lê, Khắc Thìn 
856 |u http://lrc.tdmu.edu.vn/opac/search/detail.asp?aID=2&ID=5839 
980 |a Trung tâm Học liệu Trường Đại học Thủ Dầu Một